Music Quiz

Random Music or Song Quiz

Songs with years in them Quiz Stats

 Plays Quiz not verified by Sporcle

Challenge
Share
Tweet
Embed
Score 0/24 Timer 03:00
0 Plays Today
Artist Year % Correct
Prince1999
75%
Smashing Pumpkins1979
70.8%
Bryan Adams'69
54.2%
Frankie Valli & the Four Seasons'63
54.2%
Zagar & Evans2525
37.5%
James Blunt1973
20.8%
David Bowie1984
16.7%
Asia'82
16.7%
The Eagles1969
12.5%
Queen'39
12.5%
Joan Baez'65
12.5%
69 Boys1994
12.5%
Artist Year % Correct
Good Charlotte1979
8.3%
Megadeath1999
8.3%
Johnny Cash1955
8.3%
Joni Mitchell'68
8.3%
Montell Jordan'94
8.3%
Bob Seger1962
4.2%
The Clovers1956
4.2%
Ryan Adams1974
4.2%
Estelle1980
4.2%
Weird Al1699
4.2%
Everclear1970, '72, '75, '77
4.2%
Steely Dan'67
4.2%

You're not logged in!

Compare scores with friends on all Sporcle quizzes.
OR
Log In

You Might Also Like...

Show Comments

Extras

Created Nov 9, 2011ReportNominate
Tags:Artist Quiz, Song Quiz

Top Quizzes Today


Score Distribution

Your Account Isn't Verified!

In order to create a playlist on Sporcle, you need to verify the email address you used during registration. Go to your Sporcle Settings to finish the process.

Report this User

Report this user for behavior that violates our Community Guidelines.

Details: